| 000 | 00000nam##2200000za#4500 |
| 001 | 9.573996 |
| 003 | CaOODSP |
| 005 | 20210624183952 |
| 007 | cr ||||||||||| |
| 008 | 150406|1998||||xxc|||||o f|0| 0 eng|d |
| 022 | |a1488-5379 |
| 040 | |aCaOODSP|beng |
| 043 | |an-cn--- |
| 086 | 1 |aFs97-6/2220E-PDF |
| 110 | 1 |aCanada. |bDepartment of Fisheries and Oceans. |bMaritimes Region. |
| 245 | 10|aMovements of the lobster, Homarus americanus, off northern Cape Breton Island, with notes on lobster catchability / |h[electronic resource]|cby M.J. Tremblay, M.D. Eagles and G.A.P. Black. |
| 260 | |aDartmouth - Nova Scotia : |bFisheries and Oceans Canada. |cc1998. |
| 300 | |a36p.|bmaps, references, tables |
| 490 | 1 |aCanadian technical report of fisheries and aquatic sciences|x1488-5379|vNo. 2220 |
| 500 | |aThe catalogue number (Fs97-6/2220E) and ISSN (0706-6457) for the print edition have been incorrectly copied in this electronic publication. |
| 546 | |a(Résumé en français) |
| 590 | |a12-22-Supp|b2012-05-24 |
| 720 | 1 |aBlack, G. A. P. |
| 720 | 1 |aTremblay, M. J. |
| 720 | 1 |aEagles, M. D. |
| 776 | 0#|tMovements of the lobster, Homarus Americanus, off northeastern Cape Breton Island, with notes on lobster catchability / |w(CaOODSP)9.614491 |
| 830 | #0|aCanadian technical report of fisheries and aquatic sciences,|x1488-5379|vNo. 2220|w(CaOODSP)9.504449 |
| 856 | 40|ahttp://publications.gc.ca|qPDF|s2.34 MB|uhttps://publications.gc.ca/collections/collection_2012/mpo-dfo/Fs97-6-2220-eng.pdf|yNo. 2220 |